[Event "Hannover Bezirk-ch A"]
[Site "Lehrte"]
[Date "2017.10.30"]
[Round "6.10"]
[White "Yerin, Daniel"]
[Black "Rust Bulmahn, Kornelia"]
[Result "1-0"]
[WhiteElo "1180"]
[BlackElo "969"]
[PlyCount "58"]
[EventDate "2017.10.??"]
[EventType "swiss"]
[EventRounds "7"]
[EventCountry "GER"]
[SourceTitle "EXT 2022"]
[Source "ChessBase"]
[SourceDate "2021.10.06"]
[SourceVersion "1"]
[SourceVersionDate "2021.10.06"]
[SourceQuality "1"]

1. d4 d5 2. c4 Nf6 3. e3 e6 4. Nf3 Nc6 5. Nbd2 Bb4 6. a3 Bxd2+ 7. Bxd2 Ne4 8. cxd5 Qxd5 9. Be2 0-0 10. 0-0 h6 11. Rc1 Bd7 12. Bd3 a5 13. Bxe4 Qxe4 14. Qb3 b6 15. Rc2 Rac8 16. Rfc1 Rfe8 17. Rc3 e5 18. d5 Ne7 19. Rxc7 Rxc7 20. Rxc7 Bg4 21. d6 Be6 22. Qc2 Qxc2 23. Rxc2 Ng6 24. b4 e4 25. Nd4 a4 26. Nxe6 Rxe6 27. d7 Rd6 28. Rc8+ Kh7 29. d8Q Rd3 1-0

[Event "Hannover Bezirk-ch A"]
[Site "Lehrte"]
[Date "2017.10.28"]
[Round "2.3"]
[White "Daehn, Patrick"]
[Black "Rust Bulmahn, Kornelia"]
[Result "1-0"]
[WhiteElo "1406"]
[BlackElo "969"]
[PlyCount "65"]
[EventDate "2017.10.??"]
[EventType "swiss"]
[EventRounds "7"]
[EventCountry "GER"]
[SourceTitle "EXT 2022"]
[Source "ChessBase"]
[SourceDate "2021.10.06"]
[SourceVersion "1"]
[SourceVersionDate "2021.10.06"]
[SourceQuality "1"]

1. e4 e5 2. f4 Nc6 3. Nf3 d6 4. Bc4 h6 5. 0-0 Nf6 6. d3 Bg4 7. Be3 Be7 8. Nbd2 0-0 9. Qe1 Bxf3 10. Rxf3 d5 11. Bb3 Nb4 12. fxe5 dxe4 13. exf6 exf3 14. fxe7 Qxe7 15. Nxf3 Qf6 16. Qxb4 b6 17. Qg4 c5 18. Bf4 Kh8 19. Be5 Qg6 20. Qh3 f6 21. Nh4 Qg5 22. Bc3 Rae8 23. Bd5 Kh7 24. Be4+ Kg8 25. Rd1 Qh5 26. Bf3 Qg5 27. Bd2 Re3 28. Bd5+ Qxd5 29. Bxe3 Qxa2 30. Ng6 Re8 31. Bxh6 gxh6 32. Qxh6 Qe6 33. Qh8+ 1-0

[Event "Niedersachsen-ch op-D"]
[Site "Verden"]
[Date "2017.01.06"]
[Round "3"]
[White "Arians, Rudolph"]
[Black "Rust Bulmahn, Kornelia"]
[Result "0-1"]
[WhiteElo "820"]
[BlackElo "996"]
[PlyCount "102"]
[EventDate "2017.01.05"]
[EventType "swiss"]
[EventRounds "7"]
[EventCountry "GER"]
[SourceTitle "CBM 187 Extra"]
[Source "ChessBase"]
[SourceDate "2018.11.04"]
[SourceVersion "1"]
[SourceVersionDate "2018.11.04"]
[SourceQuality "1"]

1. d4 d5 2. f4 Bf5 3. Nf3 Nc6 4. a3 Nf6 5. e3 a6 6. Bd3 Ne4 7. 0-0 e6 8. Nbd2 Nxd2 9. Bxd2 Bxd3 10. cxd3 h6 11. Ne5 Nxe5 12. fxe5 Be7 13. Be1 0-0 14. Rc1 Bg5 15. Qd2 c6 16. Bg3 Rc8 17. Qe1 Qb6 18. Rc2 Be7 19. Bh4 Bxh4 20. Qxh4 c5 21. Qf2 c4 22. dxc4 Qd8 23. cxd5 Rxc2 24. Qxc2 Qxd5 25. Qe2 b5 26. Rc1 Qb7 27. Qf3 Qb8 28. Rc5 a5 29. Qe2 b4 30. Rxa5 bxa3 31. bxa3 Qb1+ 32. Qf1 Qb3 33. Kf2 Qc3 34. Qe2 Qxa5 35. Qa2 Qd8 36. a4 Qg5 37. a5 Qf5+ 38. Kg1 Qe4 39. Qb3 Qa8 40. Qa3 Rd8 41. a6 Rd7 42. h3 Ra7 43. Qd3 Rxa6 44. h4 Ra1+ 45. Kh2 Ra3 46. Qe2 Qe4 47. g3 Rxe3 48. Qc4 Re2+ 49. Kh3 Qg2+ 50. Kg4 Re4+ 51. Kh5 Qf3+ 0-1

[Event "Hannover-chA"]
[Site "Lehrte"]
[Date "2015.10.29"]
[Round "1"]
[White "Rust Bulmahn, Kornelia"]
[Black "Brockmann, Marc"]
[Result "0-1"]
[WhiteElo "999"]
[BlackElo "1458"]
[PlyCount "84"]
[EventDate "2015.10.29"]
[EventType "swiss"]
[EventRounds "7"]
[EventCountry "GER"]
[SourceTitle "EXT 2021"]
[Source "ChessBase"]
[SourceDate "2020.10.23"]
[SourceVersion "1"]
[SourceVersionDate "2020.10.23"]
[SourceQuality "1"]

1. e4 e6 2. Nf3 d5 3. e5 c5 4. d4 Nc6 5. c3 Bd7 6. a3 Qb6 7. Be2 cxd4 8. cxd4 Nge7 9. 0-0 Nf5 10. b4 Nfxd4 11. Nxd4 Nxd4 12. Be3 Nxe2+ 13. Qxe2 Qd8 14. b5 a6 15. Nc3 g6 16. Bd4 Bg7 17. a4 0-0 18. f4 Qe7 19. Qe3 Rfc8 20. Rac1 Rc4 21. Ne2 axb5 22. Rxc4 bxc4 23. Bc5 Qe8 24. Nc3 Bxa4 25. Ra1 Bd7 26. Rxa8 Qxa8 27. Kf2 b5 28. Ne2 Bf8 29. Bxf8 Qxf8 30. Qb6 Qc8 31. Qd6 c3 32. Nxc3 Qxc3 33. Qxd7 Qd4+ 34. Kg3 Qb6 35. Kg4 h6 36. h4 h5+ 37. Kg5 Kg7 38. Qe7 Qb8 39. Qf6+ Kg8 40. Kh6 Qf8+ 41. Kg5 Kh7 42. Qxg6+ fxg6 0-1

[Event "Hannover-chA"]
[Site "Lehrte"]
[Date "2014.10.28"]
[Round "7"]
[White "Rust Bulmahn, Kornelia"]
[Black "Baum, Nils Alexander"]
[Result "1/2-1/2"]
[WhiteElo "910"]
[BlackElo "978"]
[PlyCount "72"]
[EventDate "2014.10.25"]
[EventType "swiss"]
[EventRounds "7"]
[EventCountry "GER"]
[SourceTitle "EXT 2021"]
[Source "ChessBase"]
[SourceDate "2020.10.23"]
[SourceVersion "1"]
[SourceVersionDate "2020.10.23"]
[SourceQuality "1"]

1. e4 c5 2. Nf3 Nc6 3. Bb5 g6 4. Bxc6 bxc6 5. 0-0 Bg7 6. e5 d6 7. exd6 Qxd6 8. Nc3 Bg4 9. h3 Bxf3 10. Qxf3 e6 11. b3 Ne7 12. Rb1 0-0 13. Bb2 Qxd2 14. Qd3 Rad8 15. Qxd2 Rxd2 16. Rfc1 Bd4 17. Ne4 Bxb2 18. Rxb2 Rd4 19. Ng3 Rdd8 20. c4 Rd2 21. Rbb1 Nf5 22. Nxf5 gxf5 23. a4 a5 24. g3 Rd3 25. Kg2 Rb8 26. Rd1 Rbxb3 27. Rxb3 Rxb3 28. Rd8+ Kg7 29. Ra8 Rb4 30. Rxa5 Rxc4 31. Ra6 h5 32. f4 Rc2+ 33. Kf3 Ra2 34. Rxc6 Rxa4 35. Rxc5 Kf6 36. Re5 Ra3+ 1/2-1/2

[Event "Hannover-chA"]
[Site "Lehrte"]
[Date "2012.10.23"]
[Round "7"]
[White "Rust Bulmahn, Kornelia"]
[Black "Graue, Rainer"]
[Result "1/2-1/2"]
[WhiteElo "933"]
[BlackElo "1004"]
[PlyCount "112"]
[EventDate "2012.10.20"]
[EventType "swiss"]
[EventRounds "7"]
[EventCountry "GER"]
[SourceTitle "EXT 2021"]
[Source "ChessBase"]
[SourceDate "2020.10.23"]
[SourceVersion "1"]
[SourceVersionDate "2020.10.23"]
[SourceQuality "1"]

1. e4 e6 2. Nf3 d5 3. d3 dxe4 4. dxe4 Qxd1+ 5. Kxd1 Nf6 6. Nc3 Bb4 7. Bd2 0-0 8. h3 Bxc3 9. Bxc3 Nxe4 10. Ke1 Nxc3 11. bxc3 Nd7 12. g4 b6 13. Bg2 f6 14. Nd4 Rb8 15. Nxe6 Re8 16. Bd5 Kh8 17. Kd2 c6 18. Nc7 Re5 19. Bxc6 Bb7 20. Bxb7 Rxb7 21. f4 Re4 22. Nd5 Nf8 23. Rae1 Rxe1 24. Rxe1 Rd7 25. c4 b5 26. Re8 Kg8 27. Kc3 Kf7 28. Re4 a6 29. Nb6 Rc7 30. h4 a5 31. a3 Rc6 32. Nd5 Rxc4+ 33. Rxc4 bxc4 34. Kxc4 Ke6 35. Kd4 h6 36. f5+ Kd6 37. c4 Nd7 38. a4 Kc6 39. Ne7+ Kd6 40. Ng6 Nc5 41. Nf4 Nxa4 42. Nd3 Kc6 43. c5 Kb5 44. Kd5 Nc3+ 45. Ke6 a4 46. c6 Kxc6 47. Nb4+ Kb5 48. Nc2 Kc4 49. Kf7 Kb3 50. Nd4+ Kc4 51. Nc2 Kd3 52. Na3 Ne4 53. Kxg7 Kc3 54. Kxh6 Kb4 55. Nc2+ Kc3 56. Na3 Kb4 1/2-1/2

[Event "Hannover-chA"]
[Site "Lehrte"]
[Date "2011.10.15"]
[Round "1"]
[White "Nagel, Detlev"]
[Black "Rust Bulmahn, Kornelia"]
[Result "1-0"]
[WhiteElo "1420"]
[BlackElo "925"]
[PlyCount "85"]
[EventDate "2011.10.15"]
[EventType "tourn"]
[EventRounds "7"]
[EventCountry "GER"]
[SourceTitle "EXT 2021"]
[Source "ChessBase"]
[SourceDate "2020.10.23"]
[SourceVersion "1"]
[SourceVersionDate "2020.10.23"]
[SourceQuality "1"]

1. Nf3 h6 2. b3 e6 3. Bb2 Nf6 4. Nc3 Bc5 5. d4 Bb6 6. e3 0-0 7. Bd3 d5 8. 0-0 Nc6 9. a4 a6 10. Ba3 Re8 11. b4 Bd7 12. a5 Ba7 13. Nd2 e5 14. dxe5 Nxe5 15. Nf3 Bg4 16. Be2 c6 17. Nxe5 Bxe2 18. Qxe2 Rxe5 19. Qf3 d4 20. exd4 Bxd4 21. Rad1 Rc8 22. Rd3 Qd7 23. Ne2 Rd5 24. Rfd1 Ng4 25. Rxd4 Nxh2 26. Kxh2 Qc7+ 27. g3 Rg5 28. Rd7 Qe5 29. Nf4 Qf5 30. Rd8+ Kh7 31. Rxc8 Qxc8 32. Qd3+ g6 33. Qd7 Qg8 34. Qxb7 Rf5 35. Qxc6 g5 36. Nd3 Qd8 37. Qe4 Qf6 38. g4 Qg6 39. Qxf5 Qxf5 40. gxf5 Kg7 41. Bb2+ f6 42. Nc5 h5 43. Rd7+ 1-0

[Event "Hannover-chA"]
[Site "Lehrte"]
[Date "2010.10.12"]
[Round "7"]
[White "Rust Bulmahn, Kornelia"]
[Black "Buchholz, Bernd1111"]
[Result "1/2-1/2"]
[WhiteElo "878"]
[BlackElo "1060"]
[PlyCount "68"]
[EventDate "2010.10.09"]
[EventType "swiss"]
[EventRounds "7"]
[EventCountry "GER"]
[SourceTitle "EXT 2021"]
[Source "ChessBase"]
[SourceDate "2020.10.23"]
[SourceVersion "1"]
[SourceVersionDate "2020.10.23"]
[SourceQuality "1"]

1. e4 e6 2. a3 d5 3. Nc3 c5 4. d3 a6 5. Nf3 h6 6. Bf4 Nc6 7. h3 d4 8. Na2 Bd6 9. e5 Bc7 10. c3 Nge7 11. Qa4 Nd5 12. cxd4 Nxf4 13. g3 Nd5 14. dxc5 0-0 15. Bg2 Nxe5 16. Nxe5 Bxe5 17. d4 Bf6 18. 0-0 Qd7 19. Qc4 Nc7 20. Rad1 Rd8 21. c6 bxc6 22. Bxc6 Qd6 23. Bxa8 Nxa8 24. d5 exd5 25. Rxd5 Qxd5 26. Qxd5 Rxd5 27. Nb4 Rc5 28. Nd3 Rc2 29. b4 Nb6 30. Re1 Be6 31. Kh2 Rc3 32. Nc5 Bc4 33. a4 Rf3 34. Kg2 Bd5 1/2-1/2